00611nam a22001697a 4500008004100000020001500041082001400056100001800070245004300088260005300131300003300184500003300217650001300250942000800263999001700271952015300288220411b |||||||| |||| 00| 0 eng d a0520048989 a940.2 WOL aWolf, Eric R. aEurope and the people without history. aLondon :bUniversity of California Press,c1982. aix, 473 p. :c26 cm.bill. ; aIncludes Bibliography index. 2History. 2ddc c10277d10278 00102ddc40708MAINaRTCLIBbRTCLIBcMAINd2025-06-02i19345l0o940.2 WOLp30020563r2025-06-02 00:00:00w2025-06-02yMAINzDonated by Dr. Dolma.